| 000 | 00783 a2200253 4500 | ||
|---|---|---|---|
| 003 | OSt | ||
| 005 | 20180116192356.0 | ||
| 008 | 120612t xxu||||| |||| 00| 0 eng d | ||
| 010 | _a 2004102923 | ||
| 020 | _a0500282471 | ||
| 020 | _a9780500282472 | ||
| 035 | _a(DLC) 2004102923 | ||
| 040 | _c0 | ||
| 082 | _a746 | ||
| 100 | 1 |
_aGillow, John. _94452 |
|
| 245 | 1 | 0 |
_aWorld textiles : _ba visual guide to tradional techniques / _cJohn Gillow, Bryan Sentance. |
| 260 |
_aNew York , NY : _bThames & Hudson, _c2005. |
||
| 300 |
_a240 p. : _bill. ; _c30cm. |
||
| 650 | 1 | 0 |
_aTextile arts _94453 |
| 650 | 1 | 0 |
_aTextile fabrics. _94454 |
| 650 | 1 | 0 |
_aTextile handicrafts _94455 |
| 942 |
_aSADA _cBK _k746 GIL 2005 _2ddc |
||
| 999 |
_c353112 _d353112 |
||